Communication engineering principles /

Manylion Llyfryddiaeth
Prif Awdur: Otung, Ifiok
Fformat: Llyfr
Iaith:English
Cyhoeddwyd: Basingstoke : Palgrave, c2001.
Pynciau:
Classic Catalogue: View this record in Classic Catalogue
LEADER 01647nam a2200277 a 4500
001 0017982
003 BD-DhAAL
008 090512s2001 enka 001 0 eng d
015 |a GBA1-Z7818 
020 |a 9780333775226(pbk) 
020 |a 0333775228 
040 |a UKM  |c UKM  |d EQF  |d BD-DhAAL 
082 0 4 |a 621.382  |2 21 
100 1 |a Otung, Ifiok.  |9 26476 
245 1 0 |a Communication engineering principles /  |c Ifiok Otung. 
260 |a Basingstoke :  |b Palgrave,  |c c2001. 
300 |a xiv, 647 pages :  |b illustrations ;  |c 25 cm 
500 |a Includes index. 
526 |a EEE  |x Md Sayeed Salam Department of Electrical and Electronic Engineering BRAC University Course Name : Communications Systems Modeling (EEE 525) 
541 1 |e 0017982  |a D. S. Books International 
650 0 |a Telecommunication.  |9 26477 
852 4 |a Ayesha Abed Library  |c General Stacks 
942 |2 ddc  |c BK 
999 |c 640  |d 640 
952 |0 0  |1 4  |2 ddc  |4 0  |6 621_382000000000000_OTU  |7 0  |9 588  |a BRACUL  |b BRACUL  |d 2009-05-12  |e D. S. Books International  |l 0  |o 621.382 OTU  |p 3010017982  |r 2009-05-12  |t 1  |w 2009-05-12  |y BK  |x Koha Inventory 2020 ; Requisitioned by Md Sayeed Salam (Department of Electrical and Electronic Engineering, BRAC University), for the course named - "Communications Systems Modeling (EEE 525)" ; USD 24.98 
952 |0 0  |1 0  |2 ddc  |4 0  |6 621_382000000000000_OTU_2001  |7 0  |9 9578  |a BRACUL  |b BRACUL  |c GEN  |d 2010-04-29  |e D. S. Books International  |l 3  |m 21  |o 621.382 OTU  |p 3010017983  |r 2023-09-10  |s 2023-06-23  |t 2  |w 2010-04-29  |y BK  |x Requisitioned by Md Sayeed Salam (Department of Electrical and Electronic Engineering, BRAC University), for the course named - "Communications Systems Modeling (EEE 525)" ; USD 24.98